| 000 | 00452cam a2200181ua 4500 | ||
|---|---|---|---|
| 020 | _c1.50 | ||
| 041 |
_ahin _h |
||
| 082 |
_a891.54 _bSUB/JA |
||
| 100 | _aSubhash, Mukopadhyaya . | ||
| 245 |
_aJagdeesh Chandra Basu / _cSubhash Mukopadyay. _hTextual Documents |
||
| 250 |
_a2 / _b. |
||
| 260 |
_aNew Delhi : _bPeoples publishing house , _c1961. |
||
| 300 | _a103 ; . | ||
| 365 | _a1.50 | ||
| 504 | _a | ||
| 942 | _cBK | ||
| 999 |
_c8292 _d8292 |
||